| 000 | 00733nam a2200181Ia 4500 | ||
|---|---|---|---|
| 008 | 151202s9999||||xx |||||||||||||| ||und|| | ||
| 082 | _bPNVM-71102 | ||
| 100 | _aपंडित श्रीनिवास. | ||
| 245 | _aलांडगा आला रे आला आणि इतर कथा. | ||
| 260 | _b"ऊर्जा प्रकाशन,पुणे." | ||
| 260 | _c71102 | ||
| 300 | _a40 | ||
| 600 | _aपंडित श्रीनिवास. | ||
| 630 | _aलांडगा आला रे आला आणि इतर कथा. | ||
| 700 | _aपंडित श्रीनिवास. | ||
| 730 | _aलांडगा आला रे आला आणि इतर कथा. | ||
| 942 | _cBOOK | ||
| 999 |
_c1337607 _d1337604 |
||